Subdivision capitals closest to Homelj (BY) - Statistics

General Stats
  • This quiz has been taken 9 times
  • The average score is 8 of 20
Answer Stats
Distance (km) Answer % Correct
3 223 Kijiv
100%
6 281 Minsk
100%
18 437 Belgorod
33%
4 247 Brijansk
33%
1 107 Černjihiv
33%
19 437 Hmeljnickij
33%
16 418 Kaluga
33%
20 445 Kropivnjickij
33%
12 363 Kursk
33%
17 435 Luck
33%
2 168 Mahiljou
33%
11 346 Orel
33%
15 402 Poltava
33%
13 385 Rivne
33%
5 270 Smoljensk
33%
9 312 Sumi
33%
8 310 Vicebsk
33%
14 398 Vinicja
33%
7 292 Žitomir
33%
10 341 Čerkasi
0%
No matching quizzes found
Score Distribution
Percent of People with Each Score
Percentile by Number Answered
Your Score History
You have not taken this quiz